| 000 | 00384nam a22001577a 4500 | ||
|---|---|---|---|
| 005 | 20161022153827.0 | ||
| 008 | 161022b xxu||||| |||| 00| 0 eng d | ||
| 020 | _a978-81-8361-452-8 | ||
| 041 | _aeng | ||
| 100 |
_aBARNWAL,HARISH CHANDRA _93644 |
||
| 245 | _aTELEVISION KI BHASHA | ||
| 260 | _bRADHA KRISHNAN | ||
| 300 | _a235 | ||
| 650 |
_aMASS COM @JOURNALISM _93631 |
||
| 942 | _cBK | ||
| 999 |
_c5293 _d5291 |
||